000 01835nam a22002777a 4500
999 _c60561
_d60561
003 Ge_BSU
005 20230905112242.0
008 230904s2023 ge ||||| |||| 00| 0 geo d
020 _a9789941488726
041 _ageo
080 _a537.8(075.8) + 004.94(075.8) ღ-79
100 _aღომიძე, ნუგზარ
_91751
245 _aფიზიკური პროცესების მოდელირება /
_cნუგზარ ღომიძე, იზოლდა ჯაბნიძე, ზებურ სურმანიძე; რედაქტორები ლალი კალანდაძე, ვახტანგ ბერიძე; გრაფიკ. რედ. ლუკა ღომიძე; ყდის დიზაინერი ანა სურმანიძე.
264 _aბათუმი :
_bბათუმის შოთა რუსთაველის სახელმწიფო უნივერსიტეტი,
_c2023.
501 _aსაძიებელი გვ. 123
504 _aბიბლიოგრ. გვ. 122
653 _aლოგიკური ფუნქციები
653 _aფიზიკური პროცესები
700 _aჯაბნიძე, იზოლდა
_eავტორი
_914479
700 _aსურმანიძე, ზებურ
_eავტორი
_92332
700 _aკალანდაძე, ლალი
_eრედაქტორი
_914480
700 _aბერიძე, ვახტანგ
_eრედაქტორი
_911489
700 _aღომიძე, ლუკა
_eგრაფიკ. რედაქტორი
_919766
700 _aსურმანიძე, ანა
_eყდის დიზაინერი
_912497
942 _2udc
_cBK